[Event "Mittelfr. EM 2018 - Hauptturnier"]
[Site "Nürnberg"]
[Date "2018.03.30"]
[Round "8.3"]
[White "Bildt, Maximilian"]
[Black "Finster, Michael"]
[Result "1/2-1/2"]
[WhiteElo "2045"]
[BlackElo "2144"]
[PlyCount "115"]
[EventDate "2018.??.??"]
[WhiteTeam "SK Zirndorf"]
[BlackTeam "SK Herzogenaurach"]

1. e4 e5 2. Nf3 Nc6 3. Bb5 Nf6 4. Bxc6 dxc6 5. d3 Bd6 6. Nbd2 c5 7. Nc4 Qe7 8.
Bd2 b5 9. Ne3 Rb8 10. Bc3 O-O 11. O-O c6 12. a4 a6 13. Re1 g6 14. Qc1 Nh5 15.
axb5 axb5 16. Nf1 f6 17. Ng3 Ng7 18. Bd2 g5 19. c3 Bg4 20. d4 Bxf3 21. gxf3 Ra8
22. Qc2 h5 23. d5 h4 24. Nf1 cxd5 25. exd5 c4 26. b3 cxb3 27. Qxb3 Qd7 28. c4
bxc4 29. Qxc4 Rac8 30. Qg4 f5 31. Qxg5 f4 32. Qg6 Qe7 33. Ra7 Rf6 34. Qg4 Rc7
35. Rxc7 Bxc7 36. Bxf4 Qf7 37. Qc8+ Kh7 38. Bxe5 Bxe5 39. Rxe5 Rg6+ 40. Ng3
hxg3 41. hxg3 Qxf3 42. Qc2 Qf6 43. Qe4 Kg8 44. Kg2 Qd6 45. Qf4 Rf6 46. Qe3 Kf7
47. Qa7+ Kg6 48. Qe7 Qxe7 49. Rxe7 Nf5 50. Re5 Nd6 51. f4 Nc4 52. Rg5+ Kh6 53.
Kf3 Nd6 54. Re5 Kg7 55. g4 Nf7 56. Re8 Ra6 57. Re3 Kf6 58. Re6+ 1/2-1/2

[Event "Mittelfr. EM 2018 - Hauptturnier"]
[Site "Nürnberg"]
[Date "2018.03.30"]
[Round "8.4"]
[White "Link, Andreas"]
[Black "Brenner, Christian"]
[Result "1-0"]
[WhiteElo "2028"]
[BlackElo "1990"]
[PlyCount "97"]
[EventDate "2018.??.??"]
[WhiteTeam "Zabo-Eintracht Nürnberg"]
[BlackTeam "Zabo-Eintracht Nürnberg"]

1. d4 Nf6 2. c4 g6 3. Nc3 Bg7 4. e4 d6 5. f3 O-O 6. Be3 b6 7. Qd2 a6 8. Nge2
Nbd7 9. g4 c5 10. Ng3 cxd4 11. Bxd4 Bb7 12. Be2 Rc8 13. b3 e5 14. Be3 Nc5 15.
Nd5 Nxd5 16. cxd5 a5 17. h4 Rc7 18. h5 Qc8 19. Rc1 Ba6 20. Bxa6 Nxa6 21. Rxc7
Qxc7 22. Kf2 Rc8 23. Ne2 Nc5 24. Rc1 Qd8 25. Kg2 Bf8 26. Ng3 Be7 27. g5 Rc7 28.
f4 exf4 29. Bxf4 Nd7 30. Rc6 Rxc6 31. dxc6 Nb8 32. Qc3 Qc7 33. h6 Bf8 34. Bxd6
Qxc6 35. Qxc6 Nxc6 36. e5 Bxd6 37. exd6 f6 38. Ne4 fxg5 39. Nf6+ Kf7 40. Nxh7
g4 41. Ng5+ Kf6 42. h7 Kg7 43. d7 b5 44. Kg3 a4 45. b4 a3 46. Kf4 Kh8 47. Ne6
Kxh7 48. d8=Q Nxd8 49. Nxd8 1-0

[Event "Mittelfr. EM 2018 - Hauptturnier"]
[Site "Nürnberg"]
[Date "2018.03.30"]
[Round "8.5"]
[White "Meulner, Klaus"]
[Black "Homuth, Wolfgang"]
[Result "1-0"]
[WhiteElo "2103"]
[BlackElo "2198"]
[PlyCount "93"]
[EventDate "2018.??.??"]
[WhiteTeam "SW Nürnberg Süd"]
[BlackTeam "SC Noris-Tarrasch Nürnberg"]

1. Nf3 f5 2. d3 Nc6 3. e4 e5 4. Nc3 d6 5. exf5 Bxf5 6. d4 exd4 7. Nxd4 Nxd4 8.
Qxd4 Nf6 9. Bc4 c6 10. O-O Be7 11. Qf4 Qd7 12. Ne2 d5 13. Nd4 Bg6 14. Bd3 Bxd3
15. cxd3 O-O 16. Nf5 Rae8 17. Nxe7+ Rxe7 18. Qa4 Re2 19. h3 b6 20. b4 Nh5 21.
b5 c5 22. Qg4 Qxg4 23. hxg4 Nf6 24. g5 Nd7 25. f3 Ne5 26. Rd1 Ng6 27. Rd2 Rfe8
28. Rxe2 Rxe2 29. Kf1 Rc2 30. a4 d4 31. f4 Nh4 32. g4 Nf3 33. f5 Ne5 34. Bf4
Nxd3 35. Bb8 Nb4 36. Bxa7 Nd5 37. a5 bxa5 38. Rb1 Nc3 39. Rb3 c4 40. b6 Rc1+
41. Kg2 Rc2+ 42. Kh3 cxb3 43. b7 b2 44. b8=Q+ Kf7 45. Qc7+ Ke8 46. Qc8+ Kf7 47.
Qe6+ 1-0

[Event "Mittelfr. EM 2018 - Hauptturnier"]
[Site "Nürnberg"]
[Date "2018.03.30"]
[Round "8.6"]
[White "Leis, Stefan"]
[Black "Hirn, Erwin"]
[Result "1-0"]
[WhiteElo "1966"]
[BlackElo "2101"]
[PlyCount "77"]
[EventDate "2018.??.??"]
[WhiteTeam "SC Mühlhof-Reichelsdorf"]
[BlackTeam "SK Neumarkt"]

1. d4 Nf6 2. Nf3 d5 3. c4 e6 4. g3 c5 5. cxd5 Nxd5 6. e4 Nf6 7. Nc3 cxd4 8.
Nxd4 Nc6 9. Bb5 Bd7 10. Nxc6 bxc6 11. Be2 Bb4 12. Qc2 e5 13. O-O h6 14. a3 Ba5
15. b4 Bc7 16. Na4 Bb6 17. Nxb6 axb6 18. f3 O-O 19. Be3 Qc7 20. a4 Rfd8 21. Qc3
Rdc8 22. a5 b5 23. Rfc1 Qb8 24. Bc5 Ne8 25. Rd1 Be6 26. Rd2 f6 27. Rad1 Qb7 28.
f4 exf4 29. gxf4 Qf7 30. f5 Bc4 31. Rd7 Bxe2 32. Rxf7 Kxf7 33. Rd7+ Kg8 34. Bb6
Bc4 35. Kf2 Bf7 36. Qc5 Bc4 37. Qe7 Bb3 38. e5 fxe5 39. f6 1-0

[Event "Mittelfr. EM 2018 - Hauptturnier"]
[Site "Nürnberg"]
[Date "2018.03.30"]
[Round "8.7"]
[White "Böhme, Sebastian"]
[Black "Walter, Thomas"]
[Result "0-1"]
[WhiteElo "2036"]
[BlackElo "2091"]
[PlyCount "112"]
[EventDate "2018.??.??"]
[WhiteTeam "SC Uttenreuth"]
[BlackTeam "SC Erlangen"]

1. e4 e6 2. d4 d5 3. Nc3 Bb4 4. exd5 exd5 5. Bd3 Nc6 6. a3 Bxc3+ 7. bxc3 Nge7
8. Qf3 Be6 9. Rb1 Na5 10. Nh3 Qd7 11. Ng5 O-O-O 12. Nxe6 fxe6 13. O-O Rdf8 14.
Qe2 Nf5 15. Re1 Rf6 16. Bxf5 exf5 17. Qe7 Rf7 18. Qxd7+ Rxd7 19. Re5 g6 20. a4
Nc4 21. Re6 b6 22. Bf4 a5 23. h4 Rg8 24. Be5 Rf7 25. f4 Kd7 26. Rf6 Nxe5 27.
fxe5 Rxf6 28. exf6 Rf8 29. Kf2 Rxf6 30. Kf3 Rc6 31. Rb3 Ke6 32. Ke3 Rc4 33. Ra3
Kf6 34. g3 h6 35. Kf3 g5 36. hxg5+ Kxg5 37. Kg2 Kg4 38. Kf2 h5 39. Kg2 f4 40.
gxf4 Kxf4 41. Kf2 h4 42. Ke2 h3 43. Kd2 h2 44. Ra1 Kg3 45. Re1 Rxa4 46. Re3+
Kg4 47. Re1 Rc4 48. Rh1 Kg3 49. Re1 Rc6 50. Re3+ Kg4 51. Re1 Rh6 52. Rh1 Kg3
53. Kd3 Kg2 54. Rxh2+ Rxh2 55. c4 Rh3+ 56. Kd2 dxc4 0-1

[Event "Mittelfr. EM 2018 - Hauptturnier"]
[Site "Nürnberg"]
[Date "2018.03.30"]
[Round "8.8"]
[White "Erlbeck, Peter"]
[Black "Balhar, Michael"]
[Result "1-0"]
[WhiteElo "2095"]
[BlackElo "1791"]
[PlyCount "147"]
[EventDate "2018.??.??"]
[WhiteTeam "SW Nürnberg Süd"]
[BlackTeam "SC Erlangen"]

1. e4 e5 2. Nf3 Nc6 3. Bb5 a6 4. Bxc6 dxc6 5. O-O Bg4 6. h3 h5 7. d3 Qf6 8. Be3
Bxf3 9. Qxf3 Qxf3 10. gxf3 Bd6 11. Nd2 Ne7 12. Rfb1 c5 13. Kf1 Kd7 14. Nb3 b6
15. Ke2 a5 16. a4 g6 17. Rg1 Rhg8 18. Rad1 f5 19. Bg5 Nc6 20. c3 Ke6 21. Bc1
Rad8 22. Rg2 f4 23. Rdg1 Kf7 24. Nd2 Rg7 25. b3 Be7 26. Nc4 Bf6 27. Bb2 Rb8 28.
Na3 Rd8 29. Rd1 g5 30. Rd2 Ke6 31. Rg1 Rgd7 32. Rc1 Be7 33. Nb5 Bf6 34. Rcd1
Bg7 35. Rg1 Bf6 36. Rdd1 Ne7 37. Na3 Nc8 38. Nc2 Ne7 39. Ba3 Nc6 40. Rg2 Rg8
41. Rdg1 Rgd8 42. Ne1 Rg7 43. h4 Rdg8 44. hxg5 Rxg5 45. Rxg5 Rxg5 46. Rh1 Be7
47. Bb2 Bf6 48. Nc2 Kf7 49. Bc1 Kg6 50. d4 cxd4 51. cxd4 exd4 52. Bxf4 Rc5 53.
Rg1+ Kf7 54. Ne1 Nb4 55. Bd2 h4 56. f4 Rh5 57. Bxb4 axb4 58. e5 Be7 59. Nf3 c5
60. Kd3 Ke6 61. Ke4 h3 62. Nh2 Bh4 63. f5+ Kf7 64. Ng4 h2 65. Nxh2 Bxf2 66. Rg2
Be3 67. e6+ Ke7 68. Rg7+ Kd6 69. e7 Kd7 70. Ng4 Rh4 71. f6 Rh8 72. Rf7 Ke8 73.
Rg7 Bc1 74. Kd5 1-0

[Event "Mittelfr. EM 2018 - Hauptturnier"]
[Site "Nürnberg"]
[Date "2018.03.30"]
[Round "8.9"]
[White "Smyk, Jozef"]
[Black "Braun, Kristin"]
[Result "1/2-1/2"]
[WhiteElo "1952"]
[BlackElo "1844"]
[PlyCount "76"]
[EventDate "2018.??.??"]
[WhiteTeam "SK Neumarkt"]
[BlackTeam "SC Forchheim"]

1. d4 Nf6 2. Bf4 g6 3. Nc3 Bg7 4. e4 d6 5. Qd2 O-O 6. O-O-O Re8 7. h4 h5 8. f3
Nfd7 9. g4 e5 10. Bg5 f6 11. Bc4+ Kh8 12. Be3 exd4 13. Bxd4 Rf8 14. gxh5 gxh5
15. Nh3 Nc6 16. Be3 Nde5 17. Be2 Be6 18. Nd5 Ne7 19. Ndf4 Bf7 20. Nd5 Nxd5 21.
exd5 Qe7 22. Rhg1 Rae8 23. Rxg7 Kxg7 24. Bh6+ Kh7 25. Bxf8 Qxf8 26. f4 Ng4 27.
Bd3+ Bg6 28. Bxg6+ Kxg6 29. Qd3+ Kh6 30. Qd2 Qe7 31. f5+ Qe3 32. Nf4 Re5 33.
Ne6 Qxd2+ 34. Rxd2 Re1+ 35. Rd1 Rxd1+ 36. Kxd1 Ne3+ 37. Ke2 Nxd5 38. Kf3 Nb4
1/2-1/2

[Event "Mittelfr. EM 2018 - Hauptturnier"]
[Site "Nürnberg"]
[Date "2018.03.30"]
[Round "8.10"]
[White "Hetzner, Hannes"]
[Black "Kocak, Ediz"]
[Result "1-0"]
[WhiteElo "1753"]
[BlackElo "1807"]
[PlyCount "95"]
[EventDate "2018.??.??"]
[WhiteTeam "SC Erlangen"]
[BlackTeam "SGem Fürth"]

1. e4 b6 2. d4 Bb7 3. Bd3 e6 4. Nf3 Nf6 5. Qe2 d5 6. e5 Nfd7 7. O-O Qc8 8. Ng5
Be7 9. Nxh7 Ba6 10. Bxa6 Qxa6 11. Qxa6 Nxa6 12. Ng5 Nb4 13. Na3 c5 14. c3 Nc6
15. Nb5 Rc8 16. Nf3 a6 17. Na3 b5 18. Bd2 b4 19. Nb1 cxd4 20. cxd4 Nb6 21. b3
Na5 22. Rc1 Kd7 23. Kf1 Na8 24. Be3 Rxc1+ 25. Bxc1 Rc8 26. Nbd2 Nc7 27. Bb2 Nb5
28. Ne1 Nc6 29. Ndf3 g5 30. h3 Rg8 31. Nd3 g4 32. hxg4 Rxg4 33. Nc5+ Bxc5 34.
dxc5 a5 35. Rd1 Nc3 36. Bxc3 bxc3 37. a3 d4 38. Ke2 f6 39. exf6 e5 40. b4 axb4
41. axb4 Ke6 42. f7 Rf4 43. g3 Rf6 44. b5 Nb4 45. Ng5+ Kd5 46. f3 c2 47. Ra1
Na2 48. Kd2 1-0

[Event "Mittelfr. EM 2018 - Hauptturnier"]
[Site "Nürnberg"]
[Date "2018.03.31"]
[Round "9.1"]
[White "Adelhütte, Dennis"]
[Black "Walter, Florian"]
[Result "0-1"]
[WhiteElo "1961"]
[BlackElo "2203"]
[PlyCount "121"]
[EventDate "2018.??.??"]
[WhiteTeam "SC JÄKLECHEMIE"]
[BlackTeam "SC Noris-Tarrasch Nürnberg"]

1. d4 Nf6 2. c4 g6 3. Nc3 d5 4. Nf3 Bg7 5. Qb3 dxc4 6. Qxc4 O-O 7. e4 Nc6 8.
Be2 Bg4 9. Be3 Nd7 10. O-O-O Nb6 11. Qc5 Qd6 12. Qxd6 cxd6 13. Kb1 Rfc8 14. d5
Na5 15. Bd4 Nac4 16. Bxg7 Kxg7 17. Rd4 Bxf3 18. Bxf3 Na3+ 19. Kc1 Nb5 20. Rd3
Na4 21. Kd2 Nbxc3 22. bxc3 Rc5 23. Rb1 Nb6 24. a4 Rac8 25. Be2 R8c7 26. Rb4
Nc4+ 27. Ke1 b6 28. f4 Kf6 29. h4 h5 30. Bf1 Kg7 31. Be2 Na3 32. Kd2 a6 33. Rb3
Nc4+ 34. Ke1 Ra5 35. Rb4 Na3 36. Kd2 Nc4+ 37. Ke1 Na3 38. Kd2 Nc4+ 39. Ke1 Kf8
40. Bf1 Na3 41. Kd2 b5 42. Rdd4 Rxa4 43. Rxa4 bxa4 44. Bd3 Rb7 45. Kc1 Nb5 46.
Rxa4 Nxc3 47. Rxa6 Rb4 48. Ra8+ Kg7 49. Ra7 Nxe4 50. Rxe7 Nc5 51. Be2 Rxf4 52.
Bf3 Rxh4 53. Re8 Kf6 54. Rd8 Ke7 55. Rc8 Nd3+ 56. Kd2 Ne5 57. Rc7+ Kf6 58. Ke3
Kf5 59. Rc1 Rb4 60. Rf1 Rb3+ 61. Kd4 0-1

[Event "Mittelfr. EM 2018 - Hauptturnier"]
[Site "Nürnberg"]
[Date "2018.03.31"]
[Round "9.2"]
[White "Seibold, Hubert"]
[Black "Böhme, Markus"]
[Result "1/2-1/2"]
[WhiteElo "2133"]
[BlackElo "2045"]
[PlyCount "59"]
[EventDate "2018.??.??"]
[WhiteTeam "SK Zirndorf"]
[BlackTeam "SC Uttenreuth"]

1. d4 g6 2. g3 Bg7 3. Bg2 d6 4. Nf3 f5 5. c4 Nf6 6. Nc3 O-O 7. O-O Nc6 8. d5
Ne5 9. Qb3 Nxf3+ 10. Bxf3 e5 11. dxe6 c6 12. Rd1 Qe7 13. Bf4 Rd8 14. Qb4 Ne8
15. e4 g5 16. Bd2 f4 17. gxf4 gxf4 18. Bxf4 Qf6 19. Ne2 Bxe6 20. Bg2 a5 21. Qd2
Bxc4 22. Nc3 Qg6 23. Rac1 Nc7 24. b3 Be6 25. Bg3 Bg4 26. f3 Bh5 27. Ne2 Ne6 28.
f4 Bh6 29. Rf1 Rf8 30. Rcd1 1/2-1/2

[Event "Mittelfr. EM 2018 - Hauptturnier"]
[Site "Nürnberg"]
[Date "2018.03.31"]
[Round "9.3"]
[White "Finster, Michael"]
[Black "Link, Andreas"]
[Result "1-0"]
[WhiteElo "2144"]
[BlackElo "2028"]
[Annotator "Doe,John"]
[PlyCount "69"]
[EventDate "2018.??.??"]
[WhiteTeam "SK Herzogenaurach"]
[BlackTeam "Zabo-Eintracht Nürnberg"]

1. e4 Nf6 2. e5 Nd5 3. d4 d6 4. c4 Nb6 5. exd6 cxd6 6. Nc3 g6 7. Be3 Bg7 8. Qd2
Nc6 9. h3 O-O 10. Nf3 d5 11. c5 Nc4 12. Bxc4 dxc4 13. O-O Bf5 14. Rad1 Bd3 15.
Rfe1 Qa5 16. Bh6 Nxd4 17. Nxd4 Bxd4 18. Bxf8 Kxf8 19. Qh6+ Kg8 20. Ne4 Bg7 21.
Qh4 Qxa2 22. Qxe7 Qxb2 23. Nd6 Rf8 24. Re3 Bd4 25. Rf3 f5 26. Qe6+ Kh8 27. Nxc4
Bxc4 28. Qxc4 Bf6 29. Rfd3 a5 30. Qb3 Qxb3 31. Rxb3 a4 32. Rxb7 Ra8 33. c6 Rc8
34. Rdd7 a3 35. Ra7 1-0

[Event "Mittelfr. EM 2018 - Hauptturnier"]
[Site "Nürnberg"]
[Date "2018.03.31"]
[Round "9.4"]
[White "Walter, Thomas"]
[Black "Bildt, Maximilian"]
[Result "0-1"]
[WhiteElo "2091"]
[BlackElo "2045"]
[PlyCount "120"]
[EventDate "2018.??.??"]
[WhiteTeam "SC Erlangen"]
[BlackTeam "SK Zirndorf"]

1. e4 c5 2. Nf3 d6 3. d4 cxd4 4. Nxd4 Nf6 5. Nc3 a6 6. h3 e5 7. Nde2 Be6 8. g4
Be7 9. Bg2 Nc6 10. Be3 h5 11. g5 Nd7 12. h4 Rc8 13. Qd2 b5 14. O-O Nb6 15. b3
O-O 16. Nd5 Bxd5 17. exd5 Nb8 18. Ng3 g6 19. Be4 N8d7 20. f4 exf4 21. Rxf4 Ne5
22. Raf1 Nbd7 23. c3 Ng4 24. Bd4 Nde5 25. Bb1 f5 26. gxf6 Rxf6 27. Ne4 Rxf4 28.
Qxf4 Bxh4 29. Kg2 Qe7 30. Bxe5 Qxe5 31. Kh3 Qxf4 32. Rxf4 Be7 33. Bd3 Rf8 34.
Rxf8+ Kxf8 35. a3 Kg7 36. c4 bxc4 37. bxc4 Ne5 38. Be2 a5 39. c5 dxc5 40. d6
Bf8 41. Bb5 c4 42. d7 Be7 43. a4 Bd8 44. Kg3 g5 45. Kf2 Kf8 46. Nd6 Nxd7 47.
Nxc4 Ke7 48. Kf3 Bc7 49. Ke4 Ke6 50. Ne3 Nf6+ 51. Kf3 g4+ 52. Kg2 Ke5 53. Be2
Kf4 54. Nf1 h4 55. Kh1 Ne4 56. Bb5 Ng3+ 57. Nxg3 Kxg3 58. Bd7 h3 59. Be6 Kh4
60. Bd5 g3 0-1

[Event "Mittelfr. EM 2018 - Hauptturnier"]
[Site "Nürnberg"]
[Date "2018.03.31"]
[Round "9.5"]
[White "Brenner, Christian"]
[Black "Meulner, Klaus"]
[Result "0-1"]
[WhiteElo "1990"]
[BlackElo "2103"]
[PlyCount "78"]
[EventDate "2018.??.??"]
[WhiteTeam "Zabo-Eintracht Nürnberg"]
[BlackTeam "SW Nürnberg Süd"]

1. e4 g6 2. d4 Bg7 3. Nc3 d6 4. f4 a6 5. Nf3 b5 6. a3 Nd7 7. Be2 c5 8. O-O cxd4
9. Nxd4 Bb7 10. Kh1 Ngf6 11. Bf3 O-O 12. Nb3 Rc8 13. Qe2 Qc7 14. Be3 e5 15.
Rad1 exf4 16. Bxf4 Ne5 17. Qf2 Nc4 18. Rd3 Nxb2 19. Re3 Nc4 20. Rd3 Ne5 21.
Bxe5 dxe5 22. Rfd1 Rfd8 23. h3 Rxd3 24. Rxd3 h5 25. g3 g5 26. Bg2 g4 27. h4 Qe7
28. Qb6 Bf8 29. Na5 Ba8 30. Qxa6 Rxc3 31. Rxc3 Nxe4 32. Bxe4 Bxe4+ 33. Kg1 Bg6
34. Qb6 Qd7 35. Qf2 b4 36. axb4 Bxb4 37. Rc5 Qd1+ 38. Kh2 Bxc5 39. Qxc5 Be4 0-1

[Event "Mittelfr. EM 2018 - Hauptturnier"]
[Site "Nürnberg"]
[Date "2018.03.31"]
[Round "9.7"]
[White "Homuth, Wolfgang"]
[Black "Kocak, Ediz"]
[Result "1-0"]
[WhiteElo "2198"]
[BlackElo "1807"]
[PlyCount "109"]
[EventDate "2018.??.??"]
[WhiteTeam "SC Noris-Tarrasch Nürnberg"]
[BlackTeam "SGem Fürth"]

1. e4 e5 2. Bc4 Nf6 3. d3 Bc5 4. Nf3 Nc6 5. c3 d6 6. Bb3 h6 7. Nbd2 Be6 8. O-O
a6 9. Nc4 b5 10. Ne3 Bb6 11. a4 O-O 12. axb5 axb5 13. Rxa8 Qxa8 14. Nh4 Ne7 15.
Nef5 Nxf5 16. Nxf5 Bxf5 17. exf5 Re8 18. Bd2 c5 19. Qc1 Qc8 20. Qa1 Re7 21. Bc2
Ra7 22. Qd1 Qxf5 23. d4 Qh5 24. Qxh5 Nxh5 25. dxe5 dxe5 26. Be3 Ra2 27. Rb1 Ba7
28. Bb3 Ra6 29. c4 b4 30. g3 Nf6 31. h3 Kf8 32. Rd1 Ke7 33. Kf1 Nd7 34. Ke2 f6
35. Rg1 Nf8 36. Rd1 Ne6 37. Rd5 Rd6 38. Rxd6 Kxd6 39. Bc2 Bb6 40. b3 Nf8 41.
Be4 Bd8 42. g4 Be7 43. Kd3 Ne6 44. Bg2 Nd8 45. Bd5 Nc6 46. Bxc6 Kxc6 47. Ke4
Kd6 48. Kf5 Bf8 49. Kg6 Ke6 50. f3 h5 51. Bf2 hxg4 52. hxg4 e4 53. f4 Bd6 54.
Be3 Bf8 55. f5+ 1-0

[Event "Mittelfr. EM 2018 - Hauptturnier"]
[Site "Nürnberg"]
[Date "2018.03.31"]
[Round "9.8"]
[White "Hirn, Erwin"]
[Black "Hetzner, Hannes"]
[Result "1-0"]
[WhiteElo "2101"]
[BlackElo "1753"]
[PlyCount "125"]
[EventDate "2018.??.??"]
[WhiteTeam "SK Neumarkt"]
[BlackTeam "SC Erlangen"]

1. d4 Nf6 2. c4 e6 3. Nc3 Bb4 4. Qc2 O-O 5. e3 d5 6. a3 Bxc3+ 7. bxc3 b6 8.
cxd5 exd5 9. Bd3 Ba6 10. Ne2 Bxd3 11. Qxd3 Nbd7 12. O-O c5 13. f3 Re8 14. Ng3
Rc8 15. Qf5 cxd4 16. cxd4 Nf8 17. Bd2 Rc4 18. Rfc1 Qc8 19. Qd3 Qa6 20. Rc3 Qa4
21. Nf5 Re6 22. Rac1 b5 23. Rb1 g6 24. Ng3 Rec6 25. Rcb3 a6 26. Ne2 Ne6 27. Bb4
a5 28. Nc3 Qxb3 29. Rxb3 axb4 30. axb4 Ra6 31. Qb1 Nc7 32. Qb2 Nd7 33. Ra3 Rac6
34. h4 Nb6 35. Kh2 Kg7 36. e4 Na6 37. Rxa6 Rxc3 38. Rxb6 Rc2 39. Qxc2 Rxc2 40.
Rxb5 dxe4 41. fxe4 Rc4 42. Rd5 Rxb4 43. e5 Kf8 44. Kg3 Ke7 45. Rd6 f6 46. Kf4
Ra4 47. Ke4 fxe5 48. Kxe5 Ra2 49. Rb6 Re2+ 50. Kd5 Rxg2 51. Rb7+ Ke8 52. Rxh7
g5 53. Rg7 g4 54. Ke4 g3 55. Rg4 Rh2 56. Kf3 g2 57. Kf2 Kf7 58. Kg1 Rh3 59.
Kxg2 Rd3 60. h5 Kf6 61. h6 Ra3 62. h7 Ra8 63. Rg8 1-0

[Event "Mittelfr. EM 2018 - Hauptturnier"]
[Site "Nürnberg"]
[Date "2018.03.31"]
[Round "9.9"]
[White "Braun, Kristin"]
[Black "Böhme, Sebastian"]
[Result "1-0"]
[WhiteElo "1844"]
[BlackElo "2036"]
[PlyCount "93"]
[EventDate "2018.??.??"]
[WhiteTeam "SC Forchheim"]
[BlackTeam "SC Uttenreuth"]

1. e4 c5 2. Nf3 g6 3. d4 cxd4 4. Nxd4 Bg7 5. c4 Nc6 6. Be3 d6 7. Nc3 Nf6 8. Be2
O-O 9. O-O Bd7 10. h3 Rc8 11. Rc1 Ne8 12. b3 a6 13. Qd3 Nc7 14. Nd5 Nxd5 15.
Nxc6 Bxc6 16. cxd5 Bb5 17. Qd2 Bxe2 18. Qxe2 Qa5 19. Rc2 Qb4 20. Rfc1 Rxc2 21.
Qxc2 f5 22. exf5 gxf5 23. Bg5 Rf7 24. Qe2 h6 25. Rc8+ Kh7 26. Qe6 hxg5 27. Qxf7
Qe1+ 28. Kh2 Qxf2 29. Qh5+ Bh6 30. Qf7+ Bg7 31. Qh5+ Bh6 32. Qf3 Qxf3 33. gxf3
Kg6 34. Rc7 Kf6 35. Rxb7 Bf8 36. Ra7 Ke5 37. Rxa6 Kxd5 38. Ra5+ Ke6 39. Rb5 d5
40. a4 d4 41. Kg2 Kf6 42. a5 e5 43. a6 d3 44. Kf1 e4 45. fxe4 fxe4 46. a7 d2
47. Ke2 1-0

[Event "Mittelfr. EM 2018 - Hauptturnier"]
[Site "Nürnberg"]
[Date "2018.03.31"]
[Round "9.10"]
[White "Balhar, Michael"]
[Black "Smyk, Jozef"]
[Result "1/2-1/2"]
[WhiteElo "1791"]
[BlackElo "1952"]
[PlyCount "148"]
[EventDate "2018.??.??"]
[WhiteTeam "SC Erlangen"]
[BlackTeam "SK Neumarkt"]

1. e4 e5 2. Nf3 Nc6 3. Bc4 Bc5 4. c3 Nf6 5. d3 a6 6. Bb3 h6 7. h3 d5 8. Nbd2
dxe4 9. dxe4 Qe7 10. Bc2 Be6 11. Nf1 Rd8 12. Qe2 O-O 13. Be3 Rfe8 14. Ng3 Bxe3
15. Qxe3 Nd7 16. O-O Qc5 17. Qxc5 Nxc5 18. b3 f6 19. Rad1 Kf7 20. Nd2 Nd3 21.
Nf3 Nf4 22. Kh2 Na7 23. c4 Nc6 24. Rxd8 Rxd8 25. Rd1 Rxd1 26. Bxd1 Nd3 27. Kg1
Nc1 28. a3 Na5 29. Nd2 c5 30. Ne2 Nxe2+ 31. Bxe2 Nc6 32. Kf1 Nd4 33. Bd3 Ke7
34. Ke1 Kd6 35. Kd1 Bd7 36. a4 Ne6 37. g3 Kc6 38. Be2 Nd4 39. Bg4 Be8 40. Kc1
Bg6 41. h4 Kd6 42. Bc8 Kc7 43. Bg4 Be8 44. Kb2 Bc6 45. Bh3 b5 46. axb5 axb5 47.
Bf1 b4 48. Bd3 Bd7 49. Nf1 Kd6 50. Ne3 Be6 51. Nc2 Nc6 52. Ne3 Bd7 53. Be2 Nd4
54. Bd3 Bc8 55. Nc2 Nf3 56. Be2 Nd4 57. Nxd4 exd4 58. f4 Bh3 59. Kc2 Bd7 60. h5
Be8 61. f5 Ke5 62. Kd3 Bc6 63. Bf3 Be8 64. Be2 Bd7 65. Bg4 Bc8 66. Bh3 Bb7 67.
Bg2 Ba8 68. Bf3 Bc6 69. Bg2 Bb7 70. Bf3 Bc8 71. Bg4 Bd7 72. Bf3 Bc8 73. Be2 Bd7
74. Bg4 Bc6 1/2-1/2

[Event "Mittelfr. EM 2018 - Nebenturnier"]
[Site "Nürnberg"]
[Date "2018.03.28"]
[Round "1.1"]
[White "Greul, Hans"]
[Black "Hahn, Thomas"]
[Result "0-1"]
[WhiteElo "2066"]
[BlackElo "1727"]
[PlyCount "52"]
[EventDate "2018.??.??"]
[WhiteTeam "SK Schwabach"]
[BlackTeam "Zabo-Eintracht Nürnberg"]

1. d4 f5 2. e3 g6 3. Nf3 Nf6 4. Be2 Bg7 5. c4 O-O 6. O-O d6 7. Qc2 c6 8. Rd1
Qc7 9. b3 e5 10. c5 e4 11. cxd6 Qxd6 12. Ba3 Qc7 13. Ng5 Rd8 14. Nc3 Qa5 15.
Bc5 h6 16. Nh3 Na6 17. Bxa6 Qxa6 18. a4 Be6 19. a5 Bf8 20. Nf4 Bf7 21. Na4 Qxa5
22. Nb6 Qxa1 23. Rxa1 axb6 24. Rc1 bxc5 25. dxc5 Nd5 26. Ne2 Nb4 0-1

[Event "Mittelfr. EM 2018 - Nebenturnier"]
[Site "Nürnberg"]
[Date "2018.03.28"]
[Round "1.2"]
[White "Münzenberg, Dietrich"]
[Black "Konsek, Peter"]
[Result "0-1"]
[WhiteElo "1679"]
[BlackElo "2063"]
[PlyCount "46"]
[EventDate "2018.??.??"]
[WhiteTeam "Zabo-Eintracht Nürnberg"]
[BlackTeam "SW Nürnberg Süd"]

1. d4 f5 2. c4 Nf6 3. Nc3 g6 4. b3 Bg7 5. Bb2 O-O 6. Nf3 d6 7. e3 c6 8. Bd3 Qc7
9. O-O e5 10. Be2 e4 11. Ng5 h6 12. Nh3 g5 13. Rc1 f4 14. exf4 g4 15. Ng5 d5
16. g3 hxg5 17. fxg5 Nh7 18. cxd5 Nxg5 19. dxc6 Nf3+ 20. Kg2 Qxc6 21. Rh1 Qh6
22. h4 gxh3+ 23. Rxh3 Qxh3# 0-1

[Event "Mittelfr. EM 2018 - Nebenturnier"]
[Site "Nürnberg"]
[Date "2018.03.28"]
[Round "1.3"]
[White "Süß, Helmut"]
[Black "Friedrich, Michael"]
[Result "1/2-1/2"]
[WhiteElo "1889"]
[BlackElo "1665"]
[PlyCount "134"]
[EventDate "2018.??.??"]
[WhiteTeam "SC Noris-Tarrasch Nürnberg"]
[BlackTeam "SC Erlangen"]

1. d4 d5 2. Bf4 Nf6 3. e3 e6 4. Nf3 c5 5. c3 Nc6 6. Nbd2 Be7 7. h3 Bd7 8. Ne5
Rc8 9. Nxd7 Nxd7 10. Nf3 cxd4 11. exd4 a6 12. Bd3 Qb6 13. Qe2 Na5 14. O-O Nc4
15. Bxc4 Rxc4 16. Ne5 Nxe5 17. Bxe5 O-O 18. Rad1 Bd6 19. Bxd6 Qxd6 20. Rd3 Rfc8
21. Re1 b5 22. a3 a5 23. Qe5 Qf8 24. Ree3 b4 25. axb4 axb4 26. Rg3 g6 27. Qf6
bxc3 28. Rxc3 Rxc3 29. Rxc3 Ra8 30. Qf4 Qb8 31. Qc1 Kg7 32. Ra3 Qc8 33. Rc3 Qb7
34. Ra3 Rb8 35. Qf4 Qxb2 36. Ra7 Rf8 37. Qe5+ Kg8 38. g3 Qb8 39. Rc7 Qb1+ 40.
Kg2 Qe4+ 41. Qxe4 dxe4 42. Rd7 Ra8 43. d5 exd5 44. Rxd5 Re8 45. g4 f6 46. h4
Kf7 47. Kg3 h6 48. Kf4 e3 49. fxe3 g5+ 50. hxg5 hxg5+ 51. Kf3 Ke6 52. e4 Ra8
53. Rf5 Ra3+ 54. Kf2 Rd3 55. Ra5 Rb3 56. Rd5 Rb6 57. Ra5 Rd6 58. Rb5 Kd7 59. e5
fxe5 60. Rxe5 Rg6 61. Kf3 Kd6 62. Ra5 Rf6+ 63. Ke3 Re6+ 64. Kd4 Re1 65. Rxg5
Ke6 66. Rf5 Re2 67. Kd3 Re1 1/2-1/2

[Event "Mittelfr. EM 2018 - Nebenturnier"]
[Site "Nürnberg"]
[Date "2018.03.28"]
[Round "1.4"]
[White "Cordts, Elof"]
[Black "Rausch, Wolfgang sr"]
[Result "0-1"]
[WhiteElo "1662"]
[BlackElo "1878"]
[PlyCount "40"]
[EventDate "2018.??.??"]
[WhiteTeam "SC Erlangen"]
[BlackTeam "SW Nürnberg Süd"]

1. e4 c6 2. d4 d5 3. Nc3 dxe4 4. Nxe4 Bf5 5. Ng3 Bg6 6. Nf3 Nd7 7. Nh4 Ngf6 8.
Nxg6 hxg6 9. Bf4 e6 10. c3 Be7 11. Bd3 Nd5 12. Bd2 Bg5 13. Ne4 Bxd2+ 14. Qxd2
Qe7 15. g3 e5 16. dxe5 Nxe5 17. O-O-O O-O-O 18. Qe2 f5 19. Nd2 Nxc3 20. Bxf5+
gxf5 0-1

[Event "Mittelfr. EM 2018 - Nebenturnier"]
[Site "Nürnberg"]
[Date "2018.03.28"]
[Round "1.5"]
[White "Wirth, Karl-Heinz"]
[Black "Walter, Gabriele"]
[Result "1-0"]
[WhiteElo "1861"]
[BlackElo "1590"]
[PlyCount "71"]
[EventDate "2018.??.??"]
[WhiteTeam "SC Mühlhof-Reichelsdorf"]
[BlackTeam "SV Lauf"]

1. e4 c5 2. b4 b6 3. bxc5 bxc5 4. Nc3 Nc6 5. Rb1 g6 6. Bc4 Bg7 7. Nge2 Nf6 8.
d3 O-O 9. O-O d6 10. Bd2 Bd7 11. f4 Qc7 12. Qe1 Rab8 13. h3 Rxb1 14. Qxb1 Rb8
15. Qc1 Qc8 16. Kh2 Na5 17. Nd5 e6 18. Nxf6+ Bxf6 19. Bxa5 d5 20. exd5 exd5 21.
Bxd5 Bf5 22. Bc3 Bxc3 23. Nxc3 Qd8 24. Qe3 Qa5 25. Qe5 Qd8 26. Ne4 Bxe4 27.
dxe4 Qf8 28. f5 Re8 29. Qf6 Qg7 30. Qxg7+ Kxg7 31. fxg6 hxg6 32. Rxf7+ Kh6 33.
Kg3 g5 34. Rxa7 c4 35. Bxc4 Rxe4 36. Bd3 1-0